MARC

LEADER 00000nam0a2200000 4500
001 325792
005 20231102003809.0
035 |a (RuTPU)RU\TPU\book\351408 
090 |a 325792 
100 |a 20161213d1937 km y0rusy50 ca 
101 0 |a rus 
102 |a RU 
105 |a ac z 001zd 
200 1 |a Советские лауреаты международного конкурса скрипачей им. Изаи в Брюсселе  |f под ред. М. Н. Шульмана 
210 |a Москва  |c Изд-во Московской государственной филармонии  |d 1937 
215 |a 36 с.  |c ил. 
606 1 |a Скрипичная музыка  |2 stltpush  |3 (RuTPU)RU\TPU\subj\55075  |9 73147 
610 1 |a музыкальная деятельность 
610 1 |a музыкальная культура 
610 1 |a музыкальное творчество 
610 1 |a международные конкурсы 
610 1 |a скрипичное искусство 
610 1 |a Брюссель 
610 1 |a лауреаты 
675 |a 787  |v 4 
702 1 |a Шульман  |b М. Н.  |4 340 
801 1 |a RU  |b 63413507  |c 20161213 
801 2 |a RU  |b 63413507  |c 20200131  |g RCR 
942 |c BK